Culling myanahs and crows / (Record no. 87900)

MARC details
000 -LEADER
fixed length control field 00510nam a22001817a 4500
005 - DATE AND TIME OF LATEST TRANSACTION
control field 20140814151244.0
010 ## - LCCN (DPL NO)
LC control number ENG-110467
020 ## - INTERNATIONAL STANDARD BOOK NUMBER
International Standard Book Number 9789382536192
Terms of availability 325.00
035 ## - SYSTEM CONTROL NUMBER
System control number EN-93999
037 ## - SOURCE OF ACQUISITION
Source of stock number/acquisition DBAD/PUB
082 ## - DEWEY DECIMAL CLASSIFICATION NUMBER
Classification number N
100 ## - MAIN ENTRY--PERSONAL NAME
Personal name Biswas, R.K.
245 ## - TITLE STATEMENT
Title Culling myanahs and crows /
Statement of responsibility, etc by R.K. Biswas
260 ## - PUBLICATION, DISTRIBUTION, ETC. (IMPRINT)
Place of publication, distribution, etc New Delhi
Name of publisher, distributor, etc LiFi Publications
Date of publication, distribution, etc 2014
270 ## - ADDRESS
Address 211, 2nd Floor, Gagandeep 12, Rajendra Place
City New Delhi
Postal code 110008
300 ## - PHYSICAL DESCRIPTION
Extent viii,483p.
Dimensions 22cm(pbk)
942 ## - ADDED ENTRY ELEMENTS (KOHA)
Source of classification or shelving scheme Dewey Decimal Classification
Item type English Books
Classification part N
Call number suffix BIS
Holdings
Withdrawn status Lost status Not for loan Collection code Home library Current library Date acquired Source of acquisition Cost, normal purchase price Full call number Barcode Copy number Cost, replacement price Koha item type
    Not For Loan Fiction D.B.Act.Division D.B.Act.Division 14/08/2014 DBAD/PUB 325.00 N BIS EN-93999 1 325.00 English Books

© Delhi Public Library
Hit Counter
free hit counter